000
00309nam a22001337a 4500
008
180918b xxu||||| |||| 00| 0 eng d
020
_a
9780838512258
041
_a
eng
080
_a
616
100
_a
3
101
_a
SHM
245
_a
A Concise History of Respiratory Diseases
_c
Farzan, S
942
_2
udc
_c
BK
999
_c
47948
_d
47948